Map Asia 2003
MAP ASIA 2003 is able to attract approximately 7000 participations from 35 countries worldwide. Making a total of more 250 technical papers are scheduled to be delivered in plenary sessions namely NSDI, TTPP Partnership and in 26 technical session.
Saved in:
| Format: | Book |
|---|---|
| Language: | Undetermined |
| Published: |
Kuala Lumpur
[Malaysia]
2003
|
| Subjects: | |
| Tags: |
Add Tag
No Tags, Be the first to tag this record!
|
| Institutions: | Trung tâm Học liệu Trường Đại học Cần Thơ |
|---|
| LEADER | 00704nam a2200169Ia 4500 | ||
|---|---|---|---|
| 001 | CTU_138493 | ||
| 008 | 210402s9999 xx 000 0 und d | ||
| 082 | |a 522.2909 | ||
| 082 | |b M297 | ||
| 245 | 0 | |a Map Asia 2003 | |
| 260 | |a Kuala Lumpur | ||
| 260 | |b [Malaysia] | ||
| 260 | |c 2003 | ||
| 520 | |a MAP ASIA 2003 is able to attract approximately 7000 participations from 35 countries worldwide. Making a total of more 250 technical papers are scheduled to be delivered in plenary sessions namely NSDI, TTPP Partnership and in 26 technical session. | ||
| 650 | |a Astronomical instruments,Thiết bị vệ tinh | ||
| 904 | |i Trọng Hiếu | ||
| 980 | |a Trung tâm Học liệu Trường Đại học Cần Thơ | ||